00748nam a2200205 i 450000100060000000300090000600500170001500700030003200800410003510000270007624500970010326000390020030000220023949000370026170000280029883000450032685200320037199900170040395201220042029442ES-MaACL20230906154032.0t|030122s1971 sp ||||1| spa d1 aBarbour, Ian G.92548110aProbelams de religión y ciencia / cpor Ian G. Barbour ; [traducción de Bernardo Bravo]. aSantander : bSal Terrae, c[1971] a556 p. ; c21 cm.1 aTeología y mundo actual ; v281 aBravo, Bernardo.9314450 aTeología y mundo actual ; v289182301 aES-MaACLjC-42257 bR.79563 c29442d29442 00104070aATENEOMbATENEOMcDEPO2d2008-01-17eSCl0oC-42257p1030396r2023-02-23 00:00:00w2023-02-23yMONOGRAFIA